Use of PCR technique for characterising the LMW RNA isolated from TPD affected rubber plants (Record no. 50753)

MARC details
000 -LEADER
fixed length control field 00696nam a2200217Ia 4500
100 ## - MAIN ENTRY--AUTHOR NAME
Personal name Philip S
245 #0 - TITLE STATEMENT
Title Use of PCR technique for characterising the LMW RNA isolated from TPD affected rubber plants
260 ## - PUBLICATION, DISTRIBUTION, ETC. (IMPRINT)
Name of publisher In: Tapping Panel Dryness of Rubber Trees (Eds.James Jacob; R Krishnakumar and N.M. Mathew) Rubber Research Institute of India, Kottayam, 2006, pp.189-192.
650 ## - SUBJECT ADDED ENTRY--TOPICAL TERM
Topical Term LMW-RNA
650 ## - SUBJECT ADDED ENTRY--TOPICAL TERM
Topical Term RT-PCR
650 ## - SUBJECT ADDED ENTRY--TOPICAL TERM
Topical Term TPD
650 ## - SUBJECT ADDED ENTRY--TOPICAL TERM
Topical Term Viroid
700 ## - ADDED ENTRY--PERSONAL NAME
Personal name Abraham Thomson
700 ## - ADDED ENTRY--PERSONAL NAME
Personal name Chacko N
700 ## - ADDED ENTRY--PERSONAL NAME
Personal name Cina Ann Zacharia
700 ## - ADDED ENTRY--PERSONAL NAME
Personal name Jacob C K
700 ## - ADDED ENTRY--PERSONAL NAME
Personal name Mathew J
700 ## - ADDED ENTRY--PERSONAL NAME
Personal name Ramachandran P
942 ## - ADDED ENTRY ELEMENTS (KOHA)
Koha item type Bibliography STAF
Holdings
Withdrawn status Lost status Damaged status Not for loan Home library Current library Shelving location Date acquired Koha item type
      Bibliography RRII Library RRII Library Plant physiology 18/06/2007 Bibliography STAF